Analisis tazkir dan ta'nith kata kerja untuk pelaku mu'annath yang sama di dalam al-Quran /
محفوظ في:
| المؤلف الرئيسي: | |
|---|---|
| التنسيق: | أطروحة كتاب |
| اللغة: | Malay |
| منشور في: |
2001.
|
| الموضوعات: | |
| الوصول للمادة أونلاين: | http://studentsrepo.um.edu.my/id/eprint/1019 |
| الوسوم: |
إضافة وسم
لا توجد وسوم, كن أول من يضع وسما على هذه التسجيلة!
|
| LEADER | 01398cam a2200313 a 4500 | ||
|---|---|---|---|
| 001 | u484677 | ||
| 003 | SIRSI | ||
| 008 | 930723s2001 my t 00 11 may m | ||
| 035 | |a ACP-9264 | ||
| 040 | |a UMM |d UMB | ||
| 090 | |a PB12 |b UM 2001 Mohnd | ||
| 093 | |a PB12 |b UM 2001 Mohnd | ||
| 100 | 0 | 0 | |a Mohd Nazmi Desa. |
| 245 | 1 | 0 | |a Analisis tazkir dan ta'nith kata kerja untuk pelaku mu'annath yang sama di dalam al-Quran / |c Mohd Nazmi Desa. |
| 260 | |c 2001. | ||
| 300 | |a xiv, 178 leaves : |b ill. ; |c 30 cm. | ||
| 502 | |a Dissertation (M.M.L.S.) -- Fakulti Bahasa dan Linguistik, Universiti Malaya, 2001. | ||
| 504 | |a Bibliography : leaves 165-171. | ||
| 650 | 0 | |a Arabic language |x Grammar. | |
| 650 | 0 | |a Arabic language |x Morphology | |
| 650 | 0 | |a Arabic language |x Verb. | |
| 710 | 2 | 0 | |a Universiti Malaya. |b Fakulti Bahasa dan Linguistik. |
| 856 | |f IARC:A511963870 |z Click Here for Abstract and Table of Contents | ||
| 856 | 4 | 1 | |u http://studentsrepo.um.edu.my/id/eprint/1019 |
| 948 | |a 03/07/2001 |b 13/01/2003 | ||
| 596 | |a 1 6 | ||
| 999 | |a PB12 UM 2001 MOHND |w LC |c 1 |i A509556074 |d 8/3/2013 |e 6/3/2013 |l B_KOM4 |m P01UTAMA |n 5 |r Y |s Y |t TESIS |u 5/7/2001 |o .PUBLIC. BKOM 4 : 42534 | ||
| 999 | |a PB12 UM 2001 MOHND |w LC |c 2 |i A510574177 |d 24/10/2014 |e 24/10/2014 |l STACKS |m P01UTAMA |n 4 |r Y |s Y |t TESIS |u 12/12/2001 | ||
| 999 | |a PB12 UM 2001 MOHND |w LC |c 1 |i A503733124 |d 22/1/2019 |e 22/1/2019 |l STACKS |m P06BAHASA |n 6 |r Y |s Y |t TESIS |u 14/9/2001 | ||
